Limitaciones matemáticas de los métodos de computación
Saved in:
| Hovedforfatter: | |
|---|---|
| Format: | Bog |
| Sprog: | spansk |
| Udgivet: |
Santiago
Universitaria
1978
|
| Serier: | Fascículos para la comprensión de la Ciencia, las Humanidades y la Tecnología, 12
|
| Fag: | |
| Tags: |
Tilføj Tag
Ingen Tags, Vær først til at tagge denne postø!
|
MARC
| LEADER | 00000nam a2200000 a 4500 | ||
|---|---|---|---|
| 001 | UCV8025 | ||
| 003 | CL-VaPUC | ||
| 008 | 900416e19780000CL |||||||||||||||||spa|d | ||
| 082 | 0 | 4 | |a 519.4 |b VAL |2 21 |
| 100 | 0 | |a Valenzuela C., Rodrigo |e author |9 302111 | |
| 245 | 1 | 0 | |a Limitaciones matemáticas de los métodos de computación |
| 300 | |a 84 p | ||
| 942 | |c BK | ||
| 945 | |d 19900416 00:00:00 | ||
| 260 | |a Santiago |b Universitaria |c 1978 | ||
| 650 | 0 | |a Procesamiento electrónico de datos |9 259457 | |
| 650 | 0 | |a Matemática |9 260235 | |
| 583 | |a last modification |c 19900416 00:00:00 |k Rodrigo Vera | ||
| 490 | 0 | |a Fascículos para la comprensión de la Ciencia, las Humanidades y la Tecnología, 12 | |
| 999 | |c 213616 |d 213614 | ||
| 952 | |0 0 |1 0 |4 0 |6 519_400000000000000_VAL_1978 |7 0 |8 P |9 196160 |a BIBARQ |b BIBARQ |d 2019-11-14 |i 2640759 |o 519.4 VAL 1978 |p 2640759 |r 2025-01-20 |w 2019-11-14 |y BK |k ARQ | ||